Convención americana sobre Derechos Humanos : (Pacto de San José)

Los Estados Partes en esta Convención se comprometen a respetar los derechos y libertades reconocidos en ella y a garantizar su libre y pleno ejercicio a toda persona que esté sujeta a su jurisdicción, sin discriminación alguna por motivos de raza, color, sexo, idioma, religión, opiniones políticas...

Descripción completa

Detalles Bibliográficos
Autor Corporativo: Organización de Estados Americanos
Formato: Recurso en linea
Lenguaje:español
Publicado: Costa Rica : OEA, 1969.
Acceso en línea:Acceso electrónico al documento

MARC

LEADER 00000nam a22000007a 4500
008 251106s1969 cr |||| o|||| 00| 0 spa d
040 |a UAHC  |c UAHC 
110 |a Organización de Estados Americanos  |9 22278 
245 |a Convención americana sobre Derechos Humanos :  |b (Pacto de San José)  |c Organización de Estados Americanos. 
260 |a Costa Rica :   |b OEA,  |c 1969. 
300 |a 24 páginas 
500 |a Sitio visitado https://www.oas.org/dil/esp/tratados_B-32_Convencion_Americana_sobre_Derechos_Humanos.htm el 6 de noviembre de 2025. 
520 |a Los Estados Partes en esta Convención se comprometen a respetar los derechos y libertades reconocidos en ella y a garantizar su libre y pleno ejercicio a toda persona que esté sujeta a su jurisdicción, sin discriminación alguna por motivos de raza, color, sexo, idioma, religión, opiniones políticas o de cualquier otra índole, origen nacional o social, posición económica, nacimiento o cualquier otra condición social.  
856 |y Acceso electrónico al documento  |u https://www.oas.org/dil/esp/tratados_B-32_Convencion_Americana_sobre_Derechos_Humanos.htm 
942 |c RL  |2 ddc 
952 |0 0  |1 0  |4 0  |6 RECURSO_ELECTRÓNICO  |7 0  |8 COMP  |9 101447  |a BR  |b BR  |c Digital  |d 2025-11-06  |l 0  |o Recurso electrónico  |r 2025-11-06 16:59:25  |w 2025-11-06  |y RL  |B DER 
999 |c 63146  |d 63146